000 00650nam a2200229Ia 4500
005 20250508163845.0
008 008 250505s9999 xx 000 0 eng d
020 _a81-261-0380-9
037 _aReference
040 _aFEDL
_beng
_cFEDL
041 _aeng
_2eng
084 _a374, VEN
_qFEDL
100 _aVenkataiah S Ed.
_9776589
245 0 _aHigher and distance education
260 _aNew Delhi, India
_bAnmol Publications
_c2000
300 _a274p
365 _aINR
_b900
490 _aEncyclopaedia of contemporary education series
650 _aDistance education
942 _cREF
_h374, VEN
999 _c1385634
_d1385634